000 01281cam a22003497a 4500
003 CHAP
005 20220329135055.0
008 971013s1982 r 00010 d
010 _a30512
011 _a31484
035 _a35596
040 _cCHAP
090 _aTesis
100 0 0 _aMaquívar Castrejón, Moisés.
_971224
245 0 _aContribución al estudio de las actividades derivadas de la cría y la explotación del ganado bovino en el estado de Durango
260 _aMéxico, D.F. :
_bEl autor,
_c1982
300 _a76 h.
_b: ilus. ; mapa
502 _aTesis (Médico Veterinario Zootecnista) -- UNAM. Fac. de Medicina Veterinaria y Zootecnia
590 _aALEPH
_b10
_c20130110
_lUCH01
_h1252
590 _aBATCH-UPD
_b10
_c20130110
_lUCH01
_h0323
590 _aBATCH-UPD
_b10
_c20130110
_lUCH01
_h2159
590 _aBATCH-UPD
_b10
_c20130409
_lUCH01
_h2356
590 _aBATCH-UPD
_b10
_c20130410
_lUCH01
_h1507
590 _aBATCH-UPD
_b10
_c20130914
_lUCH01
_h1457
590 _aCONVERSION
_b10
_c20130109
_lUCH01
_h1317
650 4 _aGanado vacuno
_xCría de.
_945451
650 1 4 _aGanadería
_xEstadísticas
_zBaja California Sur.
_944705
650 1 4 _aGanado vacuno
_xDurango.
_945456
901 _aBK
942 _cTESIS
949 _bBC
_cTES
_d-82341
_eTS1
_h17201
_i35596
_si
999 _c30512
_d30512